Normal view
MARC view
Entry Personal Name
001 - CONTROL NUMBER
- control field: 82533
003 - CONTROL NUMBER IDENTIFIER
- control field: dpl
005 - DATE AND TIME OF LATEST TRANSACTION
- control field: 20250703142614.0
008 - FIXED-LENGTH DATA ELEMENTS
- fixed length control field: 250703|| aca||aabn | a|a d
040 ## - CATALOGING SOURCE
- Original cataloging agency: dpl
- Transcribing agency: dpl
100 ## - HEADING--PERSONAL NAME
- Personal name: गुलाबराय
670 ## - SOURCE DATA FOUND
- Source citation: Work cat.: (dpl)209917: गुलाबराय, हिंदी साहित्य का संक्षिप्त इत्तिहास/ , 2024
